000 01313cam a22003134a 4500
001 12102581
003 NUST-PNEC
005 20170116180706.0
008 000711s2000 maua b 001 0 eng
010 _a 00058521
020 _a0750673044
040 _aDLC
_cPNEC
042 _apcc
050 0 0 _aTJ1075
_b.S78 2000
082 0 0 _a621.89 STA
_221
100 1 _aStachowiak, G. W.
_q(Gwidon W.)
245 1 0 _aEngineering tribology /
_cGwidon W. Stachowiak, Andrew W. Batchelor.
260 _aBoston :
_bButterworth-Heinemann,
_c2000.
300 _axxiii, 744 p. :
_bill. ;
_c27 cm.
500 _aIncludes Index http://www.amazon.com/Engineering-Tribology-Second-Gwidon-Stachowiak/dp/0750673044/ref=sr_1_1?s=books&ie=UTF8&qid=1411549491&sr=1-1&keywords=0750673044
504 _aIncludes bibliographical references and index.
650 0 _aTribology.
_xME
700 1 _aBatchelor, A. W.
_q(Andrew W.)
856 4 1 _3Table of contents
_uhttp://www.loc.gov/catdir/toc/els051/00058521.html
856 4 2 _3Publisher description
_uhttp://www.loc.gov/catdir/description/els031/00058521.html
906 _a7
_bcbc
_corignew
_d1
_eocip
_f20
_gy-gencatlg
942 _2ddc
_cBK
999 _c60732
_d60732